|
|
|
|
| LEADER |
00000nab a2200000 a 4500 |
| 001 |
vtls000739970 |
| 003 |
SK-MaSNL |
| 005 |
20260302193443.0 |
| 008 |
180205c2000 xo 0 slo |
| 015 |
|
|
|a SNBRB2000/12-29525
|
| 035 |
|
|
|a CLN000091820
|
| 040 |
|
|
|a SNKBUCL
|b slo
|c SNKBUCL
|e AACR2
|
| 041 |
0 |
|
|a slo
|
| 044 |
|
|
|a xo
|c SK
|
| 080 |
|
|
|a 663.2:061.43
|2 UDC-MRF-SK2
|
| 100 |
1 |
|
|a Šuranská, Zdenka
|4 aut
|9 267678
|
| 245 |
1 |
0 |
|a Najlepšie slovenské vína na AGROVÍNe 2000
|c Zdenka Šuranská
|
| 300 |
|
|
|b Fotogr., tab.
|
| 611 |
1 |
7 |
|a Agrovíno
|d 2000
|c Nitra, Slovensko
|2 snkbucl
|9 95123
|
| 650 |
0 |
7 |
|a víno
|x výstavy
|x 2000
|2 snkbucl
|9 911212
|
| 655 |
|
7 |
|a články z novín a časopisov
|2 snkbucl
|9 267496
|
| 773 |
0 |
|
|x 0042-6326
|t Vinohrad
|g Roč. 38, č. 4 (2000), s. príl. 9-10
|
| 850 |
|
|
|a Slovenská národná knižnica v Martine
|
| 852 |
|
|
|a SNK
|b KIS3GCP
|
| 958 |
|
|
|a RBX
|
| 999 |
|
|
|c 1444621
|d 1446551
|